[Event "4. Open Hotel Avenida de Canarias 2010"]
[Site "Vecindario ESP"]
[Date "2010.07.23"]
[Round "7.4"]
[White "Barlov, Dragan"]
[Black "Cabrera Trujillo, Jorge"]
[Result "0-1"]
[WhiteElo "2493"]
[BlackElo "2365"]
[PlyCount "136"]
[EventDate "2010.07.18"]
[EventType "swiss"]
[EventRounds "9"]
[EventCountry "ESP"]
[Source "lmi"]
[SourceDate "2010.07.18"]

1. g3 Nf6 2. Bg2 g6 3. e4 d6 4. d4 Bg7 5. Nc3 O-O 6. Nge2 c5 7. dxc5 dxc5 8.
Qxd8 Rxd8 9. Be3 Na6 10. h3 Ne8 11. O-O b6 12. Rad1 Bb7 13. a3 Nac7 14. f4 Ne6
15. e5 Bxg2 16. Kxg2 Rxd1 17. Rxd1 Rd8 18. Rxd8 Nxd8 19. Kf3 f6 20. exf6 exf6
21. Ke4 f5+ 22. Kd5 Bf8 23. a4 Nc7+ 24. Kc4 Nc6 25. Nb5 Ne8 26. c3 a6 27. Na3
Na5+ 28. Kd3 Kf7 29. c4 Nc6 30. Bd2 Nf6 31. Nc2 Ne4 32. Be1 Bg7 33. b3 Ke6 34.
Ke3 Nd6 35. Kd3 Nb7 36. Ne3 Ne7 37. Bd2 Nd6 38. b4 Ne4 39. b5 axb5 40. cxb5 Nd5
41. Nc4 Kd7 42. Be1 Kc7 43. Kc2 Bf6 44. Kb3 Bd4 45. Kc2 Bf2 46. Bxf2 Nxf2 47.
h4 Ne4 48. Kd3 Ndf6 49. Ne5 Nh5 50. Kc4 Nhxg3 51. Nxg3 Nxg3 52. Kd5 Ne2 53. a5
Nxf4+ 54. Kc4 bxa5 55. Kxc5 Ne6+ 56. Kd5 Nf4+ 57. Kc5 Ne6+ 58. Kd5 a4 59. Nc4
Nf4+ 60. Kc5 Nd3+ 61. Kd4 Nb2 62. b6+ Kb8 63. Nd6 a3 64. Kc3 Na4+ 65. Kb3 Nxb6
66. Kxa3 Kc7 67. Ne8+ Kd8 68. Nf6 h5 0-1

[Event "4. Open Hotel Avenida de Canarias 2010"]
[Site "Vecindario ESP"]
[Date "2010.07.23"]
[Round "7.5"]
[White "Hernando Rodrigo, Jose Maria"]
[Black "Andres Gonzalez, Alberto"]
[Result "1-0"]
[WhiteElo "2328"]
[BlackElo "2492"]
[PlyCount "85"]
[EventDate "2010.07.18"]
[EventType "swiss"]
[EventRounds "9"]
[EventCountry "ESP"]
[Source "lmi"]
[SourceDate "2010.07.18"]

1. d4 Nf6 2. Nf3 b5 3. e3 a6 4. a4 b4 5. c3 a5 6. Nbd2 Bb7 7. Bd3 d5 8. Ne5 e6
9. O-O Bd6 10. f4 O-O 11. Rf3 Ne4 12. Rh3 g6 13. Qe1 Nd7 14. Ndf3 Nxe5 15. Nxe5
f5 16. Bxe4 dxe4 17. cxb4 axb4 18. Bd2 Bxe5 19. fxe5 b3 20. a5 Rf7 21. Ra3 Bd5
22. Bb4 Bc4 23. Bc5 Qd5 24. Qc3 Kg7 25. Qb4 g5 26. Be7 h6 27. Bf6+ Kg6 28. Qe1
c5 29. Qg3 Rxf6 30. exf6 Qd8 31. f7 g4 32. Ra1 h5 33. Rc1 Bd5 34. Rxc5 Qg5 35.
Rh4 Kxf7 36. Rc7+ Kg6 37. Qe1 Rxa5 38. Qxa5 Qxe3+ 39. Kf1 Bc4+ 40. Rxc4 Qd3+
41. Ke1 Qxc4 42. Qd2 Qa4 43. h3 1-0

[Event "4. Open Hotel Avenida de Canarias 2010"]
[Site "Vecindario ESP"]
[Date "2010.07.23"]
[Round "7.7"]
[White "Inigo Munoz, Javier"]
[Black "Martinez Martin, David"]
[Result "1/2-1/2"]
[WhiteElo "2144"]
[BlackElo "2406"]
[PlyCount "73"]
[EventDate "2010.07.18"]
[EventType "swiss"]
[EventRounds "9"]
[EventCountry "ESP"]
[Source "lmi"]
[SourceDate "2010.07.18"]

1. c4 b6 2. Nc3 Bb7 3. d4 e6 4. a3 d5 5. cxd5 exd5 6. Nf3 Be7 7. Bf4 Nf6 8. e3
O-O 9. Rc1 Nh5 10. Bg3 Nxg3 11. hxg3 Nd7 12. Bd3 g6 13. Qb3 Nf6 14. Ke2 Rb8 15.
Rh2 c5 16. Qc2 c4 17. Bf5 Kg7 18. Rch1 Rh8 19. Ne5 Qe8 20. Bh3 b5 21. f4 a5 22.
g4 b4 23. g5 Nh5 24. Bd7 Qd8 25. Rxh5 bxc3 26. bxc3 Bd6 27. Ng4 gxh5 28. Nf6
Be7 29. Nxh5+ Kf8 30. Qf5 Bc8 31. Qe5 Rb2+ 32. Kf3 Rg8 33. Bxc8 Qxc8 34. Ng3
Qe6 35. Qc7 Rb3 36. Rh6 f6 37. Rxh7 1/2-1/2

[Event "4. Open Hotel Avenida de Canarias 2010"]
[Site "Vecindario ESP"]
[Date "2010.07.23"]
[Round "7.8"]
[White "Rudolf, Anna"]
[Black "Robin, Samy"]
[Result "1/2-1/2"]
[WhiteElo "2393"]
[BlackElo "2308"]
[PlyCount "38"]
[EventDate "2010.07.18"]
[EventType "swiss"]
[EventRounds "9"]
[EventCountry "ESP"]
[Source "lmi"]
[SourceDate "2010.07.18"]

1. e4 e5 2. Nf3 Nc6 3. Bb5 a6 4. Ba4 Nf6 5. d3 b5 6. Bb3 Be7 7. O-O O-O 8. a4
b4 9. a5 d5 10. exd5 Nxd5 11. Nbd2 Bb7 12. Re1 Nf4 13. Ne4 Ng6 14. c3 Nb8 15.
d4 bxc3 16. bxc3 Nd7 17. Ng3 exd4 18. cxd4 Nf6 19. Be3 Bb4 1/2-1/2

[Event "4. Open Hotel Avenida de Canarias 2010"]
[Site "Vecindario ESP"]
[Date "2010.07.23"]
[Round "7.9"]
[White "Fernandez Siles, Luis"]
[Black "Menvielle Laccourreye, Augusto"]
[Result "1-0"]
[WhiteElo "2368"]
[BlackElo "2245"]
[PlyCount "123"]
[EventDate "2010.07.18"]
[EventType "swiss"]
[EventRounds "9"]
[EventCountry "ESP"]
[Source "lmi"]
[SourceDate "2010.07.18"]

1. d4 f5 2. g3 Nf6 3. Bg2 g6 4. Nf3 Bg7 5. O-O O-O 6. c4 d6 7. Nc3 c6 8. Qb3
Na6 9. Rd1 Qe8 10. Qa3 Nc7 11. Rb1 Kh8 12. Bd2 Be6 13. b3 Bg8 14. Be1 Ne4 15.
Nxe4 fxe4 16. Ng5 d5 17. cxd5 cxd5 18. Rbc1 Nb5 19. Qb4 a6 20. h4 Rc8 21. e3
Rf6 22. Bh3 Rxc1 23. Rxc1 Rc6 24. Rxc6 Qxc6 25. Bf1 e5 26. dxe5 Bxe5 27. Qa5
Nc7 28. Nxe4 b6 29. Qc3 Bxc3 30. Bxc3+ Qxc3 31. Nxc3 Be6 32. Bg2 Kg7 33. Kf1
Kf6 34. Ke2 Ke5 35. Kd3 Bf5+ 36. Kd2 b5 37. b4 Be6 38. a4 bxa4 39. Nxa4 Bd7 40.
Nc5 Bb5 41. f4+ Kd6 42. g4 Bc6 43. Nb3 Bd7 44. Bf3 Ne8 45. Kc3 Nf6 46. g5 Ne8
47. Be2 Nc7 48. Nd4 Ke7 49. Bd3 Kf7 50. f5 Kg7 51. fxg6 hxg6 52. Ne2 Bb5 53.
Nf4 Bxd3 54. Kxd3 Nb5 55. Nxd5 Kf7 56. Nf4 Nd6 57. e4 a5 58. e5 Nb7 59. b5 Nc5+
60. Kc4 a4 61. Kb4 Ke7 62. Kxc5 1-0

[Event "4. Open Hotel Avenida de Canarias 2010"]
[Site "Vecindario ESP"]
[Date "2010.07.23"]
[Round "7.10"]
[White "Trujillo Alvarado, Ivan"]
[Black "Garcia Padron, Jose"]
[Result "0-1"]
[WhiteElo "2196"]
[BlackElo "2455"]
[PlyCount "138"]
[EventDate "2010.07.18"]
[EventType "swiss"]
[EventRounds "9"]
[EventCountry "ESP"]
[Source "lmi"]
[SourceDate "2010.07.18"]

1. Nf3 Nf6 2. c4 e6 3. g3 d5 4. Bg2 Be7 5. O-O O-O 6. d4 dxc4 7. Ne5 Nc6 8.
Nxc6 bxc6 9. Bxc6 Rb8 10. Bf3 Bb7 11. Bxb7 Rxb7 12. e3 Qd5 13. Nc3 Qf5 14. Qe2
Qh3 15. f3 c5 16. dxc5 Bxc5 17. Rf2 Rd8 18. Qxc4 Rbd7 19. Qf1 Qh6 20. Re2 Nd5
21. Nxd5 Rxd5 22. Kg2 Rd3 23. Qf2 e5 24. Bd2 f5 25. Qe1 e4 26. f4 Qh5 27. Rf2
Qf7 28. Rc1 Qd5 29. Rc2 Bb6 30. b3 h6 31. Bc1 Qb5 32. Qe2 Kh7 33. Rf1 R8d6 34.
Re1 Ba5 35. Rf1 a6 36. Rf2 Bc3 37. Ba3 R6d5 38. Bc1 Qb6 39. Qh5 Bb4 40. Qf7 Bc5
41. Rfe2 Qg6 42. Qxg6+ Kxg6 43. Kf2 Kf7 44. Rc4 Rd1 45. Re1 R1d3 46. Re2 Ke6
47. Rec2 Bb6 48. Rc6+ Rd6 49. Ba3 Bxe3+ 50. Ke2 Rxc6 51. Rxc6+ Kf7 52. Rxa6 Bg1
53. Rd6 Re3+ 54. Kf1 Bxh2 55. Rd7+ Kg6 56. Kf2 Rf3+ 57. Kg2 Bxg3 58. Bf8 Bxf4
59. Rxg7+ Kf6 60. Rg8 Re3 61. Kf2 Rh3 62. Bc5 Bg5 63. Ra8 f4 64. Re8 Kf5 65. a4
Rxb3 66. a5 Rb2+ 67. Kf1 Ra2 68. Bb6 h5 69. Ra8 e3 0-1

[Event "4. Open Hotel Avenida de Canarias 2010"]
[Site "Vecindario ESP"]
[Date "2010.07.23"]
[Round "7.12"]
[White "Tatai, Stefano"]
[Black "Villavicencio Martinez, Carlos"]
[Result "1-0"]
[WhiteElo "2357"]
[BlackElo "2134"]
[PlyCount "77"]
[EventDate "2010.07.18"]
[EventType "swiss"]
[EventRounds "9"]
[EventCountry "ESP"]
[Source "lmi"]
[SourceDate "2010.07.18"]

1. e4 c5 2. Nf3 e6 3. d4 cxd4 4. Nxd4 a6 5. Bd3 Nc6 6. Nxc6 dxc6 7. Nd2 e5 8.
Nc4 Bd6 9. Be2 Bc7 10. Qxd8+ Kxd8 11. Be3 Be6 12. a4 Bxc4 13. Bxc4 Ke8 14. Ke2
Nf6 15. f3 Nd7 16. Rhd1 Rd8 17. Rd3 Nb6 18. Rxd8+ Bxd8 19. Bb3 Nc8 20. Rd1 Bb6
21. Bg5 f6 22. Bd2 Bc5 23. Ba2 Ke7 24. b4 Bd4 25. b5 axb5 26. axb5 Bc5 27. bxc6
bxc6 28. Bb3 Nb6 29. h4 Rd8 30. h5 h6 31. Rb1 Ra8 32. Be1 Ra7 33. Bg8 Ra8 34.
Bh7 Ra4 35. Bf5 Ra7 36. Rb3 Ra3 37. Bf2 Bxf2 38. Rxa3 Bh4 39. Ra6 1-0

[Event "4. Open Hotel Avenida de Canarias 2010"]
[Site "Vecindario ESP"]
[Date "2010.07.23"]
[Round "7.13"]
[White "Pile, Richard"]
[Black "Martin Hernandez, Ruben"]
[Result "1-0"]
[WhiteElo "2317"]
[BlackElo "1988"]
[PlyCount "89"]
[EventDate "2010.07.18"]
[EventType "swiss"]
[EventRounds "9"]
[EventCountry "ESP"]
[Source "lmi"]
[SourceDate "2010.07.18"]

1. c4 Nc6 2. Nc3 Nf6 3. Nf3 e5 4. e3 d5 5. cxd5 Nxd5 6. Qc2 Be7 7. a3 O-O 8.
Nxd5 Qxd5 9. Bd3 h6 10. b4 a6 11. Bb2 Qd6 12. Be4 Bf6 13. Rc1 Bd7 14. O-O g5
15. d4 exd4 16. Rfd1 Qe7 17. exd4 Rae8 18. Re1 Qd6 19. Ne5 Nxd4 20. Bxd4 Bxe5
21. Bc5 Qf6 22. Bxf8 Rxf8 23. Bxb7 Bf4 24. Rcd1 Bg4 25. Bf3 Be6 26. Qd3 g4 27.
Bd5 Bf5 28. Qd4 Qg5 29. Bc4 Bd6 30. Bxa6 Rd8 31. g3 h5 32. Qe3 Qf6 33. Bd3 Bd7
34. Qe4 Qg7 35. Qd5 Qh6 36. Bf5 Ba4 37. Rd3 Be7 38. Qc4 Rxd3 39. Bxd3 Bf8 40.
b5 Qd2 41. Re3 Bd1 42. Bg6 Qd7 43. Rd3 Be2 44. Rxd7 Bxc4 45. Rxc7 1-0

[Event "4. Open Hotel Avenida de Canarias 2010"]
[Site "Vecindario ESP"]
[Date "2010.07.23"]
[Round "7.15"]
[White "Vega Gutierrez, Belinda"]
[Black "Gonzalez Perez, Lutgarda"]
[Result "1/2-1/2"]
[WhiteElo "2266"]
[BlackElo "2133"]
[PlyCount "107"]
[EventDate "2010.07.18"]
[EventType "swiss"]
[EventRounds "9"]
[EventCountry "ESP"]
[Source "lmi"]
[SourceDate "2010.07.18"]

1. e4 c6 2. d4 d5 3. Nc3 dxe4 4. Nxe4 Bf5 5. Ng3 Bg6 6. h4 h6 7. Nf3 Nd7 8. h5
Bh7 9. Bd3 Bxd3 10. Qxd3 Qc7 11. Bd2 e6 12. Ne4 Ngf6 13. O-O-O O-O-O 14. g3
Nxe4 15. Qxe4 Nf6 16. Qe2 Bd6 17. c4 c5 18. Bc3 cxd4 19. Nxd4 a6 20. Kb1 Bc5
21. f4 Bxd4 22. Bxd4 Rd7 23. Rd3 Rhd8 24. Rhd1 Qc6 25. Qe5 Qe4 26. Qc5+ Qc6 27.
Qa7 b6 28. Qxa6+ Qb7 29. Qxb7+ Kxb7 30. Kc2 Nxh5 31. Kc3 Rg8 32. Be5 Rxd3+ 33.
Rxd3 Nf6 34. Bxf6 gxf6 35. b4 e5 36. fxe5 fxe5 37. Rf3 f5 38. Rxf5 Rxg3+ 39.
Kd2 Rg2+ 40. Ke3 Rxa2 41. Rxe5 Rh2 42. Re7+ Kc6 43. Re6+ Kc7 44. Re7+ Kc6 45.
b5+ Kc5 46. Rc7+ Kb4 47. Rc6 Rh5 48. Kd3 Rh4 49. Rxb6 Rxc4 50. Rb8 Rc7 51. b6
Rd7+ 52. Ke4 Kc5 53. b7 Kb6 54. Rh8 1/2-1/2

[Event "4. Open Hotel Avenida de Canarias 2010"]
[Site "Vecindario ESP"]
[Date "2010.07.23"]
[Round "7.17"]
[White "Fidalgo Fernandez, Lucia"]
[Black "Morales Camacho, Julian"]
[Result "1-0"]
[WhiteElo "2102"]
[BlackElo "2223"]
[PlyCount "117"]
[EventDate "2010.07.18"]
[EventType "swiss"]
[EventRounds "9"]
[EventCountry "ESP"]
[Source "lmi"]
[SourceDate "2010.07.18"]

1. d4 e6 2. Nf3 Nf6 3. Bf4 b6 4. e3 Bb7 5. h3 Be7 6. Be2 O-O 7. O-O Ne4 8. Nbd2
f5 9. Nxe4 fxe4 10. Ne5 Bg5 11. Bh2 d6 12. Nc4 Nd7 13. a4 a6 14. Nd2 Qe7 15. c3
g6 16. Qb3 a5 17. Bc4 Rae8 18. Bb5 Rf7 19. Qc2 c6 20. Nxe4 cxb5 21. Nxd6 Nf6
22. Nxf7 Qxf7 23. axb5 Rc8 24. c4 Ne4 25. Qe2 Be7 26. f3 Nd6 27. b3 Nf5 28.
Rfe1 Bf6 29. Ra4 Qg7 30. b4 axb4 31. Rxb4 Bg5 32. Rb3 Bf6 33. Ra3 Bd8 34. Ra7
Bc7 35. Bxc7 Qxc7 36. Qd3 Qb8 37. Ra2 Rd8 38. Qe2 Qd6 39. Rc1 Nh4 40. Qf2 Qe7
41. c5 Bd5 42. Rb2 Rf8 43. Qg3 Nf5 44. Qe1 Qg5 45. e4 Nxd4 46. Kh1 Bb3 47. Rf2
bxc5 48. Qd2 Qe5 49. b6 Rb8 50. Qa5 Qd6 51. Rxc5 Qxb6 52. Rc8+ Kf7 53. Qxb6
Rxb6 54. Rc7+ Kg8 55. e5 Bd5 56. Rd2 Nf5 57. Rd1 h5 58. Ra1 Rb7 59. Ra8+ 1-0

[Event "4. Open Hotel Avenida de Canarias 2010"]
[Site "Vecindario ESP"]
[Date "2010.07.23"]
[Round "7.18"]
[White "Majul, Isolina"]
[Black "Gutierrez Olivares, Daniel"]
[Result "1/2-1/2"]
[WhiteElo "2099"]
[BlackElo "2167"]
[PlyCount "58"]
[EventDate "2010.07.18"]
[EventType "swiss"]
[EventRounds "9"]
[EventCountry "ESP"]
[Source "lmi"]
[SourceDate "2010.07.18"]

1. d4 Nf6 2. Nf3 e6 3. Bg5 b6 4. e3 Bb7 5. Bd3 Be7 6. O-O c5 7. c4 O-O 8. Nbd2
d6 9. Rc1 Nbd7 10. Bb1 Qc7 11. Qc2 e5 12. d5 g6 13. Bh6 Rfe8 14. h3 Bf8 15.
Bxf8 Nxf8 16. Ng5 b5 17. b3 h6 18. Nge4 N6h7 19. cxb5 Bxd5 20. Nc4 Rad8 21.
Rcd1 Bxe4 22. Qxe4 d5 23. Rxd5 Nf6 24. Rxd8 Nxe4 25. Rxe8 Nf6 26. Ra8 Kg7 27.
Rd1 Qb7 28. Rad8 Ne6 29. R8d6 Qxb5 1/2-1/2

[Event "4. Open Hotel Avenida de Canarias 2010"]
[Site "Vecindario ESP"]
[Date "2010.07.23"]
[Round "7.20"]
[White "Viera Falcon, Cristo"]
[Black "Leon Varela, Luis"]
[Result "0-1"]
[WhiteElo "1782"]
[BlackElo "2170"]
[PlyCount "58"]
[EventDate "2010.07.18"]
[EventType "swiss"]
[EventRounds "9"]
[EventCountry "ESP"]
[Source "lmi"]
[SourceDate "2010.07.18"]

1. d4 d5 2. g3 Nf6 3. Bg2 c6 4. Nd2 Bf5 5. Ngf3 e6 6. Ne5 Nbd7 7. Ndf3 Bd6 8.
Bf4 Qe7 9. e3 h6 10. Nd2 g5 11. Nxd7 gxf4 12. Nxf6+ Qxf6 13. e4 Bxe4 14. Nxe4
dxe4 15. Bxe4 h5 16. Qf3 Qxd4 17. c3 Qe5 18. O-O-O Rd8 19. Rhe1 Qg5 20. Kb1 Ke7
21. h4 Qg4 22. gxf4 Bxf4 23. Qh1 Bd2 24. Bf3 Qf5+ 25. Re4 Rd3 26. Bg2 Rhd8 27.
Qf1 R3d5 28. Qe2 Bxc3 29. Rxd5 cxd5 0-1

[Event "4. Open Hotel Avenida de Canarias 2010"]
[Site "Vecindario ESP"]
[Date "2010.07.23"]
[Round "7.21"]
[White "Angel Acosta, Juan Carlos"]
[Black "Estevez Hernandez, Cristo"]
[Result "1-0"]
[WhiteElo "2160"]
[BlackElo "1870"]
[PlyCount "67"]
[EventDate "2010.07.18"]
[EventType "swiss"]
[EventRounds "9"]
[EventCountry "ESP"]
[Source "lmi"]
[SourceDate "2010.07.18"]

1. d4 Nf6 2. Nf3 e6 3. g3 b6 4. Bg2 Bb7 5. O-O Be7 6. c4 O-O 7. d5 exd5 8. Nh4
Re8 9. cxd5 d6 10. Nc3 Nbd7 11. e4 Bf8 12. Nf5 Nc5 13. Re1 a5 14. Bg5 h6 15.
Bf4 Ncd7 16. Qc2 Ne5 17. Rad1 Rc8 18. Bc1 Ng6 19. Nd4 Qd7 20. h3 c6 21. dxc6
Bxc6 22. Qb3 Qb7 23. Nxc6 Rxc6 24. Nb5 d5 25. exd5 Rxe1+ 26. Rxe1 Rc5 27. Be3
Qd7 28. Bxc5 Bxc5 29. Qd3 Nh5 30. a4 Nf6 31. b3 Ne7 32. d6 Nf5 33. Re5 g6 34.
g4 1-0

[Event "4. Open Hotel Avenida de Canarias 2010"]
[Site "Vecindario ESP"]
[Date "2010.07.23"]
[Round "7.22"]
[White "Lopez Colon, Francisco"]
[Black "Korneev, Svyatoslav"]
[Result "1-0"]
[WhiteElo "2152"]
[BlackElo "1724"]
[PlyCount "107"]
[EventDate "2010.07.18"]
[EventType "swiss"]
[EventRounds "9"]
[EventCountry "ESP"]
[Source "lmi"]
[SourceDate "2010.07.18"]

1. d4 Nf6 2. c4 c5 3. d5 b5 4. cxb5 a6 5. bxa6 Bxa6 6. Nc3 d6 7. Nf3 g6 8. g3
Bg7 9. Bg2 Nbd7 10. Rb1 Qa5 11. O-O O-O 12. Bd2 Rfe8 13. a4 Ng4 14. Qc2 Nge5
15. Nxe5 Nxe5 16. b3 Rab8 17. f4 Ng4 18. Rfe1 Ne3 19. Bxe3 Qxc3 20. Qxc3 Bxc3
21. Rec1 Ba5 22. Kf2 Rb6 23. Be4 Reb8 24. Bc2 Bb7 25. Rd1 Ba6 26. Rbc1 Kf8 27.
g4 f6 28. h4 Kf7 29. Rh1 Bb7 30. Rcd1 e6 31. dxe6+ Kxe6 32. f5+ Kf7 33. Rh3 Bc8
34. Bf4 c4 35. bxc4 Rb2 36. Be4 gxf5 37. gxf5 Ra2 38. Bxd6 Rbb2 39. Bd5+ Ke8
40. Re3+ Kd8 41. c5 Rd2 42. Rxd2 Rxd2 43. Be6 Rd1 44. Bxc8 Be1+ 45. Kf3 Kxc8
46. Re8+ Kd7 47. Re7+ Kc6 48. e4 Ba5 49. Rxh7 Rf1+ 50. Kg4 Rg1+ 51. Kh5 Re1 52.
Re7 Rh1 53. Rf7 Rh3 54. Rxf6 1-0

[Event "4. Open Hotel Avenida de Canarias 2010"]
[Site "Vecindario ESP"]
[Date "2010.07.23"]
[Round "7.23"]
[White "Stojanovic, Marija R"]
[Black "Alvarado Diaz, Alejandro"]
[Result "0-1"]
[WhiteElo "2151"]
[BlackElo "2068"]
[PlyCount "82"]
[EventDate "2010.07.18"]
[EventType "swiss"]
[EventRounds "9"]
[EventCountry "ESP"]
[Source "lmi"]
[SourceDate "2010.07.18"]

1. e4 Nf6 2. e5 Nd5 3. d4 d6 4. c4 Nb6 5. exd6 cxd6 6. Nc3 g6 7. Be3 Bg7 8. Rc1
O-O 9. Be2 Nc6 10. Nf3 Bg4 11. b3 d5 12. c5 Nc8 13. b4 a6 14. Qb3 e6 15. Rd1
N8e7 16. O-O Nf5 17. b5 axb5 18. Nxb5 Qa5 19. a3 Qa4 20. Qd3 Ra5 21. Bd2 Bxf3
22. gxf3 Rxb5 23. Qxb5 Qxb5 24. Bxb5 Ncxd4 25. a4 Nxf3+ 26. Kh1 Nxd2 27. Rxd2
Rc8 28. Rc2 Nd4 29. Rcc1 Nb3 30. Rc2 Nd4 31. Rcc1 Bf8 32. c6 bxc6 33. Rfd1 Bg7
34. Kg2 Ra8 35. Bxc6 Nxc6 36. Rxc6 Rxa4 37. Rc8+ Bf8 38. Rb1 Kg7 39. Rbb8 Bd6
40. Rg8+ Kf6 41. Rbc8 Rg4+ 0-1

[Event "4. Open Hotel Avenida de Canarias 2010"]
[Site "Vecindario ESP"]
[Date "2010.07.23"]
[Round "7.24"]
[White "Rodriguez Melian, Jose Luis"]
[Black "Gonzalez Intelangelo, Gerardo"]
[Result "1-0"]
[WhiteElo "2067"]
[BlackElo "2104"]
[PlyCount "31"]
[EventDate "2010.07.18"]
[EventType "swiss"]
[EventRounds "9"]
[EventCountry "ESP"]
[Source "lmi"]
[SourceDate "2010.07.18"]

1. d4 Nf6 2. c4 e6 3. g3 d5 4. Bg2 dxc4 5. Qa4+ Nbd7 6. Qxc4 a6 7. Qc2 Bd6 8.
Nf3 O-O 9. O-O Qe7 10. Nc3 c5 11. Rd1 Rb8 12. e4 e5 13. dxe5 Nxe5 14. Rxd6
Nxf3+ 15. Bxf3 Qxd6 16. Bf4 1-0

[Event "4. Open Hotel Avenida de Canarias 2010"]
[Site "Vecindario ESP"]
[Date "2010.07.23"]
[Round "7.25"]
[White "Perez Castellano, Susana"]
[Black "Sanchez Quintero, Raul"]
[Result "0-1"]
[WhiteElo "1794"]
[BlackElo "2094"]
[PlyCount "96"]
[EventDate "2010.07.18"]
[EventType "swiss"]
[EventRounds "9"]
[EventCountry "ESP"]
[Source "lmi"]
[SourceDate "2010.07.18"]

1. e4 c5 2. Nf3 d6 3. Bb5+ Bd7 4. Bxd7+ Nxd7 5. O-O Ngf6 6. Re1 e5 7. c3 Be7 8.
d4 O-O 9. b3 Re8 10. Bb2 Bf8 11. dxe5 Nxe5 12. c4 Ng6 13. Nc3 a6 14. Qc2 Qd7
15. Rad1 Qg4 16. h3 Qc8 17. Na4 Nd7 18. Nc3 Re6 19. Nd5 b5 20. Ng5 Re8 21. f4
bxc4 22. Qxc4 Nh8 23. f5 Qd8 24. Nf3 Nb6 25. Qc3 Nxd5 26. Rxd5 Qb6 27. Kh1 f6
28. Nd2 Nf7 29. Nc4 Qb7 30. Na5 Qc7 31. Nc4 a5 32. Qg3 Ne5 33. Bxe5 dxe5 34.
Red1 Rad8 35. Qd3 Rxd5 36. Qxd5+ Kh8 37. Qd7 Qxd7 38. Rxd7 Ra8 39. Nb6 Rb8 40.
Nd5 h5 41. Ra7 c4 42. bxc4 Rb1+ 43. Kh2 Bc5 44. Rxa5 Bd4 45. Ra8+ Kh7 46. Kg3
Rf1 47. Kh4 Rg1 48. Ne7 Rxg2 0-1

[Event "4. Open Hotel Avenida de Canarias 2010"]
[Site "Vecindario ESP"]
[Date "2010.07.23"]
[Round "7.26"]
[White "Thomas, Fabien"]
[Black "Rodriguez Mellado, Antonio"]
[Result "1-0"]
[WhiteElo "2082"]
[BlackElo "1716"]
[PlyCount "28"]
[EventDate "2010.07.18"]
[EventType "swiss"]
[EventRounds "9"]
[EventCountry "ESP"]
[Source "lmi"]
[SourceDate "2010.07.18"]

1. e4 e5 2. Nc3 Nf6 3. f4 d6 4. Nf3 Nc6 5. Bb5 Bg4 6. O-O Be7 7. d3 O-O 8. Bxc6
bxc6 9. fxe5 dxe5 10. Be3 Re8 11. b3 Bf8 12. Ne2 Bxf3 13. Rxf3 Ng4 14. Kh1 f5
1-0

[Event "4. Open Hotel Avenida de Canarias 2010"]
[Site "Vecindario ESP"]
[Date "2010.07.23"]
[Round "7.27"]
[White "Monzon Aleman, Ayoze"]
[Black "Rodriguez Perez, David"]
[Result "0-1"]
[WhiteElo "1750"]
[BlackElo "2039"]
[PlyCount "68"]
[EventDate "2010.07.18"]
[EventType "swiss"]
[EventRounds "9"]
[EventCountry "ESP"]
[Source "lmi"]
[SourceDate "2010.07.18"]

1. e4 c5 2. Nf3 d6 3. Nc3 Nc6 4. d4 cxd4 5. Nxd4 Nf6 6. Be3 g6 7. Bc4 Bg7 8.
O-O O-O 9. a3 a6 10. Nxc6 bxc6 11. Qd2 Re8 12. Rad1 Qc7 13. f4 Bb7 14. e5 dxe5
15. fxe5 Qxe5 16. Bd4 Qc7 17. Qe3 Nd5 18. Qf2 Bxd4 19. Rxd4 e5 20. Bxd5 cxd5
21. Nxd5 Bxd5 22. Rxd5 Re7 23. Rfd1 Rae8 24. Qd2 Qb6+ 25. Kh1 Qxb2 26. c4 Qxa3
27. c5 e4 28. c6 e3 29. Qe2 Qc3 30. Rd6 Rc7 31. R1d3 Qc5 32. h3 Rxc6 33. Rxc6
Qxc6 34. Rxe3 Qc1+ 0-1

[Event "4. Open Hotel Avenida de Canarias 2010"]
[Site "Vecindario ESP"]
[Date "2010.07.23"]
[Round "7.28"]
[White "Ruiz Delgado, Basilio"]
[Black "De La Hoz Sanchez, Ruben"]
[Result "0-1"]
[WhiteElo "1720"]
[BlackElo "2027"]
[PlyCount "40"]
[EventDate "2010.07.18"]
[EventType "swiss"]
[EventRounds "9"]
[EventCountry "ESP"]
[Source "lmi"]
[SourceDate "2010.07.18"]

1. d4 d5 2. Nf3 Nf6 3. c4 c6 4. Nc3 dxc4 5. a4 Nd5 6. e4 Nxc3 7. bxc3 b5 8. Ne5
g6 9. Be2 Bg7 10. f4 Qc7 11. O-O O-O 12. Ba3 Re8 13. axb5 cxb5 14. f5 Bxe5 15.
dxe5 Qxe5 16. fxg6 hxg6 17. Bc1 Nc6 18. Bf4 Qxc3 19. Bd2 Qd4+ 20. Kh1 Rd8 0-1

[Event "4. Open Hotel Avenida de Canarias 2010"]
[Site "Vecindario ESP"]
[Date "2010.07.23"]
[Round "7.29"]
[White "Sanchez Montesdeoca, Isaac"]
[Black "Almeida Sanchez, Ciriaco"]
[Result "1-0"]
[WhiteElo "1705"]
[BlackElo "2002"]
[PlyCount "47"]
[EventDate "2010.07.18"]
[EventType "swiss"]
[EventRounds "9"]
[EventCountry "ESP"]
[Source "lmi"]
[SourceDate "2010.07.18"]

1. e4 d5 2. exd5 Qxd5 3. d4 Nf6 4. Nf3 Bg4 5. Be2 Nc6 6. O-O O-O-O 7. c4 Qd6 8.
Be3 Bxf3 9. Bxf3 Nxd4 10. Qa4 Nxf3+ 11. gxf3 a6 12. Nc3 Qc6 13. Nb5 Qxf3 14.
Rfd1 Qg4+ 15. Kf1 Nd7 16. Rd4 Qh3+ 17. Kg1 e5 18. Qa5 axb5 19. Qa8+ Nb8 20.
Qxb8+ Kxb8 21. Rxd8+ Qc8 22. Ba7+ Kxa7 23. Rxc8 bxc4 24. Rd1 1-0

[Event "4. Open Hotel Avenida de Canarias 2010"]
[Site "Vecindario ESP"]
[Date "2010.07.23"]
[Round "7.30"]
[White "Rojas Mirabal, Pedro"]
[Black "Caritg Creus, Carlos"]
[Result "1-0"]
[WhiteElo "1996"]
[BlackElo "1704"]
[PlyCount "45"]
[EventDate "2010.07.18"]
[EventType "swiss"]
[EventRounds "9"]
[EventCountry "ESP"]
[Source "lmi"]
[SourceDate "2010.07.18"]

1. d4 e5 2. dxe5 Nc6 3. Nf3 Qe7 4. Bg5 Qb4+ 5. Nc3 Nge7 6. e4 Qa5 7. Bd2 Nxe5
8. Nd5 Nxf3+ 9. Qxf3 Qc5 10. Bb4 Qxc2 11. Bd3 Qc6 12. O-O Nxd5 13. exd5 Qf6 14.
Qe4+ Kd8 15. Bc3 Qe7 16. Qf4 f6 17. Rfe1 Qd6 18. Qe4 Be7 19. Re3 Re8 20. Qxh7
Qxd5 21. Bg6 Qg8 22. Qxg8 Rxg8 23. Rae1 1-0

[Event "4. Open Hotel Avenida de Canarias 2010"]
[Site "Vecindario ESP"]
[Date "2010.07.23"]
[Round "7.31"]
[White "Jimenez Mendoza, Jose Miguel"]
[Black "Mayor Gonzalez, Julio"]
[Result "1/2-1/2"]
[WhiteElo "1696"]
[BlackElo "1918"]
[PlyCount "75"]
[EventDate "2010.07.18"]
[EventType "swiss"]
[EventRounds "9"]
[EventCountry "ESP"]
[Source "lmi"]
[SourceDate "2010.07.18"]

1. e4 e5 2. Nf3 Nc6 3. Bb5 a6 4. Ba4 Nf6 5. O-O b5 6. Bb3 Bc5 7. c3 d6 8. d3
Bg4 9. h3 Bh5 10. Bg5 h6 11. Bh4 Rb8 12. Nbd2 Bb6 13. Qc2 Na5 14. d4 Nxb3 15.
Qxb3 Qe7 16. Rfe1 O-O 17. c4 bxc4 18. Qxc4 Ba5 19. g4 Bg6 20. b3 Bb6 21. Qxa6
exd4 22. e5 dxe5 23. Nxe5 Qd6 24. Ndc4 Qd5 25. Nxb6 Rxb6 26. Qc4 Re8 27. Bxf6
Qxc4 28. Nxc4 Rxe1+ 29. Rxe1 Rxf6 30. Re8+ Kh7 31. Re7 Bb1 32. Rxc7 Bxa2 33.
Nd2 Rb6 34. Rd7 Bxb3 35. Nxb3 Rxb3 36. Rxf7 Rxh3 37. Rd7 Rf3 38. Rxd4 1/2-1/2